Normal view
MARC view
- Supervisor Dr Atif Qayyum
Entry Corporate Name
001 - CONTROL NUMBER
- control field: 103612
003 - CONTROL NUMBER IDENTIFIER
- control field: NUST
005 - DATE AND TIME OF LATEST TRANSACTION
- control field: 20221125122938.0
008 - FIXED-LENGTH DATA ELEMENTS
- fixed length control field: 221125|| aca||aabn | a|a d
040 ## - CATALOGING SOURCE
- Original cataloging agency: NUST
- Transcribing agency: NUST
110 ## - HEADING--CORPORATE NAME
- Corporate name or jurisdiction name as entry element: Supervisor Dr Atif Qayyum
670 ## - SOURCE DATA FOUND
- Source citation: Work cat.: (NUST): Shazma Afrasiyab 103611, TH-SOF-2111-Output feedback control for multi-rate linear systems with delayed output, 2022.
